[Event "It (open)"]
[Site "masterchessopen.com Bad Godesberg (Germany)"]
[Date "2012.07.14"]
[Round "8"]
[White "Rausis Igors (CZE)"]
[Black "Khanukov Boris (GER)"]
[Result "1-0"]
[WhiteElo "2496"]
[BlackElo "2358"]

1.d4 d5 2.c4 e6 3.Nf3 Nf6 4.g3 Bb4+ 5.Bd2 Be7 6.Bg2 O-O 7.Qc2 b6 8.cxd5 exd5
9.O-O Bb7 10.Bf4 Na6 11.Nc3 c5 12.Rad1 Qc8 13.Be5 h6 14.Nh4 Nb4 15.Nf5 Qe6
16.Qb1 Rad8 17.Nxe7+ Qxe7 18.Bxf6 Qxf6 19.dxc5 bxc5 20.a3 Na6 21.Nxd5 Bxd5
22.Bxd5 Nc7 23.Bc4 Rb8 24.Rd2 Nb5 25.Bxb5 Rxb5 26.Rc1 Rfb8 27.Rcc2 g6 28.Qc1
Kg7 29.Rc3 Qb6 30.Rf3 Rxb2 31.Qc3+ Kg8 32.Rd7 Rf8 33.Qc4 Qe6 34.Qxe6 fxe6
35.Re3 Rb6 36.Rc7 Rf7 37.Rxc5 Kg7 38.Kg2 Rd7 39.h4 h5 40.Rf3 a6 41.e4 Rdb7
42.e5 Rb5 43.Rfc3 Kh6 44.a4 Rxc5 45.Rxc5 Rb4 46.Ra5 Rb6 47.f4 Kg7 48.Kf3 Rb3+
49.Ke4 Rxg3 50.Rxa6 Ra3 51.Ra7+ Kh6 52.Ra8 Kg7 53.a5 Ra4+ 54.Ke3 Kf7 55.a6 Kg7
56.a7 Kh7 57.Kd3 Kg7 58.Kc3 Ra1 59.Kb4 Ra2 60.Kb5 Ra1 61.Kc6 Ra2 62.Rd8 Rxa7
63.Rd7+ Rxd7 64.Kxd7 {#r} 1-0

[Event "It (open)"]
[Site "masterchessopen.com Vaujany (France)"]
[Date "2012.07.20"]
[Round "9"]
[White "Brest Jean-Francois (FRA)"]
[Black "Ruecker Benjamin (GER)"]
[Result "0-1"]
[WhiteElo "2046"]
[BlackElo "2260"]

1.d4 Nf6 2.c4 e6 3.g3 d5 4.Nf3 Bb4+ 5.Bd2 Be7 6.Bg2 c6 7.Qc2 O-O 8.O-O b6
9.Rd1 dxc4 10.Ne5 b5 11.Nxc6 Nxc6 12.Bxc6 Rb8 13.Bf4 Rb6 14.Bg2 Nd5 15.e4 Nb4
16.Qe2 Nd3 17.Be3 Ba6 18.e5 Bb7 19.d5 exd5 20.Bxb6 Qxb6 21.Nc3 Bc5 22.Rxd3
cxd3 23.Qxd3 Bxf2+ 24.Kh1 Bd4 25.Nxd5 Bxd5 26.Bxd5 Bxe5 27.Rf1 Bf6 28.Be4 g6
29.Qb3 Qd4 30.Qd5 Qxb2 31.Rb1 Qf2 32.Qxb5 Qxa2 33.Bd5 Qc2 34.Rf1 Kg7 35.Qa6
Qb2 36.Qxa7 Qb5 37.Bg2 Re8 38.Qf2 Qe5 39.Qf4 Qb2 40.Rf2 Re1+ 41.Bf1 Qa1 42.Kg2
Re7 43.Bc4 h5 44.Qd6 h4 45.Qd5 Qe1 46.gxh4 Qe4+ 47.Kh3 Qxh4+ 48.Kg2 Qg4+
49.Kf1 Rd7 50.Rg2 Qf4+ 51.Rf2 Qc1+ {#R} 0-1

[Event "It (open)"]
[Site "masterchessopen.com Paleochora (Greece)"]
[Date "2012.07.21"]
[Round "7"]
[White "Hamitevici Vladimir (MDA)"]
[Black "Kuljasevic Davorin (CRO)"]
[Result "0-1"]
[WhiteElo "2429"]
[BlackElo "2564"]

1.d4 Nf6 2.c4 e6 3.Nf3 d5 4.g3 Bb4+ 5.Bd2 Be7 6.Bg2 c6 7.Qc2 O-O 8.O-O b6
9.Rd1 Nbd7 10.Bf4 Ba6 11.Ne5 Rc8 12.Qa4 Nb8 13.Nc3 b5 14.Qc2 bxc4 15.b3 cxb3
16.axb3 c5 17.dxc5 Bxc5 18.Qb2 Nh5 19.Nxf7 Rxf7 20.Bxb8 Bxf2+ 21.Kh1 Rxb8
22.Rxa6 Qg5 23.Ra4 Nxg3+ 24.hxg3 Bxg3 {#R} 0-1

[Event "It (open)"]
[Site "masterchessopen.com Kavala (Greece)"]
[Date "2012.07.28"]
[Round "5"]
[White "Neelotpal Das (IND)"]
[Black "Poulidis Stefanos (GRE)"]
[Result "1-0"]
[WhiteElo "2456"]
[BlackElo "1935"]

1.d4 d5 2.Nf3 Nf6 3.c4 e6 4.g3 Bb4+ 5.Bd2 Be7 6.Bg2 O-O 7.Qc2 c6 8.O-O b5 9.c5
a5 10.Bg5 Nbd7 11.Nbd2 Bb7 12.e4 h6 13.Bf4 Nxe4 14.Nxe4 dxe4 15.Qxe4 Nf6
16.Qc2 Nd5 17.Bd2 Bf6 18.a3 Qc7 19.Rfe1 Rfd8 20.Re4 Bc8 21.Rae1 Bd7 22.h4 Be7
23.Ne5 Be8 24.Nf3 f5 25.Rxe6 Bf7 26.R6e2 f4 27.Bxf4 Qb7 28.Bd2 Bf6 29.g4 Re8
30.g5 Rxe2 31.Rxe2 hxg5 32.hxg5 Be7 33.Ne5 Be8 34.Bh3 {#r} 1-0

[Event "It (open)"]
[Site "masterchessopen.com Dresden (Germany)"]
[Date "2012.08.25"]
[Round "8"]
[White "Meier Georg (GER)"]
[Black "Prohaszka Peter (HUN)"]
[Result "1-0"]
[WhiteElo "2644"]
[BlackElo "2562"]

1.d4 Nf6 2.c4 e6 3.g3 d5 4.Nf3 Bb4+ 5.Bd2 Be7 6.Bg2 Nbd7 7.O-O c6 8.Qc2 O-O
9.Bf4 b6 10.Rd1 Bb7 11.Ne5 Nh5 12.Bd2 Nhf6 13.cxd5 cxd5 14.Nc6 Bxc6 15.Qxc6
Rc8 16.Qb5 Ne8 17.Qa4 Nd6 18.Na3 Nf6 19.Rac1 Qd7 20.Qxd7 Nxd7 21.e3 Nb8 22.f3
Rxc1 23.Bxc1 Rc8 24.e4 Nc6 25.Nc2 Nb5 26.exd5 Ncxd4 27.Nxd4 Nxd4 28.Be3 Nc2
29.Bf2 exd5 30.Rxd5 Rd8 31.f4 Rxd5 32.Bxd5 Nb4 33.Bc4 Bf6 34.a3 Nc6 35.b3 Bb2
36.a4 Bc3 37.Kg2 Bd4 38.Be1 Bc5 39.Kf3 Kf8 40.Ke4 Ke7 41.g4 f6 42.Bc3 Bb4
43.Bb2 Nd8 44.Bg8 h6 45.h4 Nb7 46.Kf5 Nc5 47.g5 hxg5 48.fxg5 Nd3 49.Bd4 Ne5
50.gxf6+ gxf6 51.h5 Bd2 52.Bd5 Kd6 53.Bc4 Ke7 54.Bb2 Kd6 55.Ba3+ Kc6 56.Be2
Kd5 57.Be7 Bc1 {#r} 1-0

[Event "It (open)"]
[Site "masterchessopen.com Kuala Lumpur (Malaysia)"]
[Date "2012.09.18"]
[Round "2"]
[White "Nguyen Van Huy (VIE)"]
[Black "Legaspi Rhobel (PHI)"]
[Result "1-0"]
[WhiteElo "2506"]
[BlackElo "2267"]

1.d4 Nf6 2.Nf3 e6 3.g3 d5 4.c4 Bb4+ 5.Bd2 Be7 6.Bg2 Nbd7 7.Qb3 a5 8.a4 O-O
9.O-O c6 10.Nc3 b6 11.cxd5 exd5 12.Rfd1 Bb7 13.Bg5 Re8 14.Rac1 h5 15.Bxf6 Bxf6
16.Ne1 Bg5 17.e3 Rb8 18.Nd3 Bf6 19.Nf4 Bg5 20.Nd3 Bf6 21.h4 Nf8 22.Nf4 Ne6
23.Nfe2 Be7 24.e4 dxe4 25.Bxe4 Bb4 26.Bg2 Qf6 27.Na2 {#r} 1-0

[Event "It (open)"]
[Site "masterchessopen.com Kuala Lumpur (Malaysia)"]
[Date "2012.09.19"]
[Round "4"]
[White "Lim Zhuo Ren (MAS)"]
[Black "Vishnu Prasanna (IND)"]
[Result "0-1"]
[WhiteElo "2120"]
[BlackElo "2435"]

1.Nf3 Nf6 2.c4 e6 3.d4 d5 4.g3 Bb4+ 5.Bd2 Be7 6.Bg2 O-O 7.O-O Nbd7 8.Qc2 c6
9.Bf4 b6 10.cxd5 cxd5 11.Bc7 Qe8 12.Nc3 Bb7 13.Nb5 Ne4 14.Rac1 a6 15.Nc3 Rc8
16.Bf4 Nxc3 17.bxc3 b5 18.Qd3 h6 19.Rb1 Nb6 20.h4 Qc6 21.Rfc1 Qc4 22.Ne5 Qa4
23.Qd2 Nc4 24.Nxc4 Qxc4 25.Rb3 Rc6 26.Bf1 Qa4 27.h5 Rfc8 28.Rcb1 Qa5 29.Rc1
Ba3 30.Rc2 Qa4 31.Qd3 b4 32.Qf3 Rc4 33.Qg4 f5 34.Qf3 Rxd4 35.cxd4 Rxc2 36.g4
Qc6 37.g5 hxg5 38.Bxg5 Rc3 39.Qg2 Qe8 40.Bf6 Qf7 41.Be5 Kh7 42.Qg5 a5 43.Bg2
a4 44.Rb1 Ba6 45.Bf3 b3 46.axb3 axb3 47.Kh2 Be7 48.Qf4 Bf6 49.Rg1 b2 50.Rb1
Rc2 51.Qe3 Bc4 52.Qa3 Bxe5+ 53.dxe5 Bxe2 54.Bxe2 Rxe2 55.Rxb2 Qxh5+ 56.Kg2
Qg4+ 57.Kf1 Rxe5 58.Rb3 Qe2+ 59.Kg1 f4 60.Rh3+ Kg6 61.Qc5 Rg5+ 62.Kh2 Qe5 {#R}
0-1

[Event "It (open) (b)"]
[Site "masterchessopen.com Zurich (Switzerland)"]
[Round "0"]
[White "Ditzler Juerg (SUI)"]
[Black "Regez Markus (SUI)"]
[Result "0-1"]
[WhiteElo "2060"]
[BlackElo "2194"]

1.d4 d5 2.Nf3 Nf6 3.c4 e6 4.g3 c6 5.Bg2 Bb4+ 6.Bd2 Be7 7.Qc2 O-O 8.O-O Ne4
9.Bf4 f5 10.Nc3 b6 11.Rad1 Bb7 12.Ne5 Nd7 13.cxd5 Nxe5 14.Bxe4 fxe4 15.dxe5
cxd5 16.Nxe4 Rc8 17.Qb3 Ba6 18.Rfe1 Bc4 19.Qe3 Bb4 20.Nd6 Bxe1 21.Nxc8 Bxf2+
22.Qxf2 Qxc8 23.b3 Bb5 24.a4 Be8 25.Rc1 Qb7 26.Qd4 Bh5 27.Qb4 Rc8 28.Qd6 Rxc1+
29.Bxc1 Qc8 30.Be3 Bxe2 31.a5 bxa5 32.h4 Bg4 33.Bc5 h5 34.Qe7 Qb8 35.Qxa7 Qxb3
36.Bf2 Qd1+ {#R} 0-1

[Event "It (open) (b)"]
[Site "masterchessopen.com Vienna (Austria)"]
[Round "6"]
[White "Schreiber Ewald (AUT)"]
[Black "Molnar Monika (AUT)"]
[Result "1-0"]
[WhiteElo "2054"]
[BlackElo "1959"]

1.d4 d5 2.Nf3 Nf6 3.c4 e6 4.g3 Bb4+ 5.Bd2 Qe7 6.Bg2 O-O 7.O-O Nbd7 8.a3 Bxd2
9.Nbxd2 e5 10.dxe5 Nxe5 11.Nxe5 Qxe5 12.cxd5 Bg4 13.Nc4 Qxe2 14.Qb3 Bf5
15.Rfe1 Qh5 16.Qxb7 Rfb8 17.Qxc7 Rc8 18.Qf4 Bh3 19.Rad1 Ng4 20.f3 Bxg2 21.fxg4
Qh3 22.Ne3 {#r} 1-0

[Event "It (open) (b)"]
[Site "masterchessopen.com Moscow (Russia)"]
[Date "2008.02.09"]
[Round "8"]
[White "Rebrov Evgeny (RUS)"]
[Black "Kretov Evgueij (RUS)"]
[Result "0-1"]
[WhiteElo "2093"]
[BlackElo "2217"]

1.d4 Nf6 2.c4 e6 3.Nf3 d5 4.g3 Bb4+ 5.Bd2 Be7 6.Bg2 O-O 7.Nc3 c6 8.b3 b6 9.O-O
Nbd7 10.Qc2 Ba6 11.cxd5 cxd5 12.Qb2 Rc8 13.Rfc1 Ne4 14.Be1 f5 15.e3 Bd6 16.Nd2
Bd3 17.f3 Nxc3 18.Rxc3 Ba3 19.Qxa3 Rxc3 20.Qd6 Re8 21.e4 Nf6 22.Qe5 Rc2 23.a4
dxe4 24.fxe4 Ng4 {#R} 0-1

[Event "It (open) (b)"]
[Site "masterchessopen.com Koszalin (Poland)"]
[Date "2009.08.14"]
[Round "9"]
[White "Czuchnicki Jan (POL)"]
[Black "Puszkarek Kamil (POL)"]
[Result "0-1"]
[WhiteElo "1983"]
[BlackElo "1593"]

1.Nf3 d5 2.d4 Nf6 3.c4 e6 4.g3 Bb4+ 5.Bd2 Be7 6.Bg2 O-O 7.Qc2 c6 8.O-O b6
9.Rd1 dxc4 10.Bf4 Ba6 11.Ne5 Nd5 12.Nxc4 Nxf4 13.gxf4 f6 14.Qb3 Kh8 15.e3 Re8
16.Nc3 Qc7 17.Rac1 Nd7 18.Na3 Rac8 19.Bh3 c5 20.Nab5 Qb8 21.Qxe6 Nf8 22.Qb3
Bb7 23.a4 a6 24.Na3 Bf3 25.Rd2 cxd4 26.Rxd4 Bc5 27.Rd3 Ng6 28.Nc2 Nxf4 29.exf4
Qxf4 30.Rxf3 Qxf3 31.Bg2 Qxf2+ 32.Kh1 Qf4 33.Rf1 Qh4 34.Qd5 Rcd8 35.Qf3 Rd2
36.Na3 Bd6 37.h3 h6 38.Nc4 Qxc4 39.Qh5 Qe6 40.Bc6 Rh2+ 41.Kg1 Qe3+ 42.Rf2
Qxf2# 0-1

[Event "It (open) (b)"]
[Site "masterchessopen.com Rewal (Poland)"]
[Date "2009.08.20"]
[Round "1"]
[White "Grygierczyk Wojciech (POL)"]
[Black "Cwik Jacek (POL)"]
[Result "1-0"]
[WhiteElo "1983"]
[BlackElo "1686"]

1.d4 d5 2.Nf3 Nf6 3.c4 e6 4.g3 Bb4+ 5.Bd2 Bxd2+ 6.Nbxd2 dxc4 7.Nxc4 O-O 8.Bg2
Nc6 9.O-O Bd7 10.Rc1 Rb8 11.Nce5 Nd5 12.Nxc6 Bxc6 13.Ne5 Bd7 14.e4 Ne7 15.Qc2
Bb5 16.Rfd1 f6 17.Nf3 Rc8 18.Qb3 Qd7 19.Bh3 f5 20.Ne5 Qe8 21.Qxe6+ Kh8 22.Re1
Rf6 23.Qb3 a6 24.exf5 Qh5 25.Bg4 Qe8 26.Qc2 Qf8 27.a4 Be8 28.Qc5 b6 29.Qa3
Nxf5 30.Qxf8+ Rxf8 31.b3 g6 32.Rc3 Rd8 33.Bxf5 Rxf5 34.Rxc7 b5 35.axb5 axb5
36.Re7 Kg8 37.Ng4 Kf8 38.Rxh7 Bf7 39.Nh6 Bg8 40.Rh8 Kg7 41.Rxg8+ Rxg8 42.Nxg8
Kxg8 43.Re5 {#r} 1-0

[Event "It (open) (b)"]
[Site "masterchessopen.com Bussum (Netherlands)"]
[Date "2011.06.13"]
[Round "6"]
[White "De Rijk Nils (NED)"]
[Black "Becic Zijad (NED)"]
[Result "0-1"]
[WhiteElo "1921"]
[BlackElo "1975"]

1.d4 Nf6 2.c4 e6 3.Nf3 d5 4.g3 Bb4+ 5.Bd2 Bxd2+ 6.Nbxd2 O-O 7.Bg2 c6 8.O-O
Nbd7 9.Qc2 Re8 10.Rfd1 Qe7 11.e3 e5 12.cxd5 cxd5 13.dxe5 Nxe5 14.Rac1 Nc6
15.a3 Bg4 16.h3 Bh5 17.Qa4 Rad8 18.Nb3 a6 19.Nbd4 Nxd4 20.Rxd4 Rc8 21.Qd1 Red8
22.b4 Qe6 23.g4 Rxc1 24.Qxc1 Rc8 25.Qd1 Bg6 26.g5 Bc2 27.Qe2 Ne4 28.Nd2 Nxg5
29.Rxd5 Nxh3+ 30.Kh2 Nf4 {#R} 0-1

[Event "It (open) (b)"]
[Site "masterchessopen.com Voronezh (Russia)"]
[Date "2011.06.20"]
[Round "9"]
[White "Kutliev Rustam (RUS)"]
[Black "Bykov Alexey (RUS)"]
[Result "1-0"]
[WhiteElo "1867"]
[BlackElo "1999"]

1.d4 d5 2.Nf3 Nf6 3.c4 e6 4.g3 Bb4+ 5.Bd2 Be7 6.Nc3 O-O 7.Bg2 b6 8.cxd5 exd5
9.O-O Ne4 10.Ne5 Nxc3 11.bxc3 f6 12.c4 Bb7 13.Nd3 c6 14.cxd5 cxd5 15.Nf4 Qd7
16.Qb3 Rd8 17.e4 Kh8 18.Nxd5 Bxd5 19.Qxd5 Qxd5 20.exd5 Bd6 21.Rfe1 Na6 22.Re6
Rac8 23.Bf4 Bxf4 24.gxf4 Nc7 25.Rc6 Nb5 26.Rac1 Rb8 27.R1c4 h6 28.Kf1 a5
29.Ke2 Nd6 30.Rc1 Nf5 31.Kd3 Ne7 32.Kc4 Nxc6 33.dxc6 Rd6 34.Kb5 Rxd4 35.c7 Rc8
36.Bb7 Rb4+ 37.Ka6 Rxc7 38.Rxc7 Rxf4 39.Rc2 Rb4 40.Bc6 Kh7 41.Bb5 Rh4 42.f3 a4
43.Kxb6 a3 44.Kc5 {#r} 1-0

[Event "It (open) (b)"]
[Site "masterchessopen.com Dortmund (Germany)"]
[Date "2012.07.14"]
[Round "1"]
[White "Wiessner Johann (GER)"]
[Black "Fimmers Heinrich"]
[Result "1-0"]
[WhiteElo "1880"]
[BlackElo "1501"]

1.d4 d5 2.c4 e6 3.Nf3 Nf6 4.g3 Bb4+ 5.Bd2 Be7 6.Bg2 Nbd7 7.O-O dxc4 8.Qc2 Nb6
9.Nc3 c5 10.dxc5 Bxc5 11.Rad1 Qe7 12.Bf4 Nfd5 13.Bg5 f6 14.Bc1 Bd7 15.a3 Rd8
16.Ne4 Ba4 17.Qd2 Bxd1 18.Rxd1 O-O 19.Qa5 Rc8 20.Nxc5 Rxc5 21.Qd2 c3 22.Qd3
cxb2 23.Bxb2 Rfc8 24.e4 Nc3 25.Re1 Rd8 26.Qc2 Nd1 27.Qb3 Nxb2 28.Qxb2 e5
29.Bh3 Kf8 30.Qb3 Ra5 31.Ra1 Qd6 32.Be6 Ke7 33.Bg4 Rc5 34.a4 Qc6 35.Qb4 a5
36.Qa3 Nc4 37.Qa2 Ne3 38.fxe3 Rc1+ 39.Rxc1 Qxc1+ 40.Kf2 {#r} 1-0

[Event "It (open) (final)"]
[Site "masterchessopen.com Novokuznetsk (Russia)"]
[Round "0"]
[White "Zavjalov Valery N (RUS)"]
[Black "Pantykin Sergej (RUS)"]
[Result "0-1"]
[WhiteElo "2030"]
[BlackElo "2111"]

1.Nf3 d5 2.d4 Nf6 3.c4 e6 4.g3 Bb4+ 5.Bd2 Be7 6.Bg2 O-O 7.Qc2 c6 8.O-O Ne4
9.Be3 Nd7 10.Nfd2 f5 11.Nxe4 fxe4 12.f3 Bg5 13.Qd2 Bxe3+ 14.Qxe3 Nb6 15.Nd2
exf3 16.exf3 dxc4 17.Qf2 Qd6 18.f4 Rd8 19.Nf3 Nd5 20.Rfe1 b5 21.Re5 a6 22.Bh3
Ra7 23.Rae1 Re7 24.Qe2 c5 25.dxc5 Qxc5+ 26.Kf1 Rde8 27.Ng5 Qb6 28.Bxe6+ Bxe6
29.Nxe6 Nb4 30.Ng5 Rxe5 31.fxe5 Nd3 32.Rd1 Rf8+ 33.Nf3 Qc6 34.Kg2 Nxe5 35.Rf1
Nxf3 36.Rxf3 Rxf3 37.Qxf3 Qxf3+ 38.Kxf3 Kf7 39.Ke4 Ke6 40.g4 g5 41.a3 a5 42.h3
h6 43.Kd4 Kd6 44.a4 Kc6 45.axb5+ Kxb5 46.Kc3 Kc5 47.b3 cxb3 48.Kxb3 {#R} 0-1

[Event "It (open) (major)"]
[Site "masterchessopen.com Ascot (England)"]
[Date "2011.05.29"]
[Round "5"]
[White "Watson Darrell (ENG)"]
[Black "Bovtramovics Vladimirs (LAT)"]
[Result "0-1"]
[WhiteElo "1648"]
[BlackElo "1815"]

1.d4 Nf6 2.c4 e6 3.Nf3 d5 4.g3 Bb4+ 5.Bd2 Qe7 6.Nc3 c5 7.Bg2 cxd4 8.Nxd4 dxc4
9.O-O O-O 10.Qc2 e5 11.Nf5 Bxf5 12.Qxf5 Na6 13.Bg5 Bxc3 14.bxc3 Nc5 15.Rab1
Rab8 16.h4 b5 17.h5 h6 18.Bh4 Qe6 19.Qf3 Rfc8 20.Rfd1 e4 21.Qf4 Nxh5 22.Qd6 g5
23.Qxe6 fxe6 24.g4 Nf4 25.Bg3 Nxe2+ 26.Kh2 Nxg3 27.Kxg3 a6 28.Rd6 Kf7 29.f4
Ke7 30.Rbd1 Rd8 31.Rxd8 Rxd8 32.Rxd8 Kxd8 33.f5 Ke7 34.fxe6 Kxe6 35.Kf2 Na4
36.Bxe4 Nxc3 37.Bb7 a5 38.Ke3 Ke5 39.Ba6 Nd5+ 40.Kf2 Nc7 41.Bc8 Kd4 42.Bf5 b4
43.Ke2 Nb5 44.Kd2 Nd6 45.Bg6 a4 46.Bh7 a3 47.Kc2 Ne4 48.Bg8 Nc3 49.Kc1 Nxa2+
50.Kb1 Nc3+ 51.Ka1 b3 52.Bxc4 b2# 0-1

[Event "It (open) (seniors)"]
[Site "masterchessopen.com Rowy (Poland)"]
[Date "2007.09.09"]
[Round "1"]
[White "Plinta Emil (POL)"]
[Black "Zinczuk Leon (POL)"]
[Result "0-1"]
[WhiteElo "2195"]
[BlackElo "1895"]

1.d4 Nf6 2.g3 e6 3.c4 d5 4.Nf3 Bb4+ 5.Bd2 Be7 6.Nc3 O-O 7.Bg5 Nbd7 8.cxd5 exd5
9.Bg2 c6 10.O-O h6 11.Bxf6 Nxf6 12.Qd3 Re8 13.Rfe1 Bb4 14.a3 Ba5 15.b4 Bc7
16.Nd2 Bg4 17.b5 Qd7 18.bxc6 bxc6 19.e4 dxe4 20.Ncxe4 Nd5 21.Nc5 Qd8 22.Nc4
Nf6 23.Ne5 {#R} 0-1

[Event "It (open) (under 2350)"]
[Site "masterchessopen.com Krakow (Poland)"]
[Date "2012.08.12"]
[Round "5"]
[White "Barski Radoslaw (POL)"]
[Black "Klekowski Maciej (POL)"]
[Result "0-1"]
[WhiteElo "2253"]
[BlackElo "2314"]

1.c4 Nf6 2.Nf3 e6 3.d4 d5 4.g3 Bb4+ 5.Bd2 Be7 6.Bg2 O-O 7.O-O dxc4 8.Qc2 b5
9.Ne5 Nd5 10.b3 cxb3 11.axb3 Bb7 12.Rc1 Bd6 13.Nd3 Nc6 14.e3 Qe7 15.Qd1 a6
16.Nc5 Bxc5 17.Rxc5 Rac8 18.Qc1 Nb8 19.Nc3 Nxc3 20.Qxc3 Bxg2 21.Kxg2 c6 22.e4
Rfd8 23.Be3 Qb7 24.Rc1 h6 25.d5 exd5 26.exd5 cxd5 27.Rxc8 d4+ 28.f3 dxc3
29.Rxd8+ Kh7 30.Rxc3 Nc6 31.Rd1 Ne5 32.Bf4 b4 33.Re3 Ng6 34.Bd6 a5 35.Red3 Qb5
36.R1d2 Qe8 37.Kf2 Qe6 38.Rd5 Qh3 39.Kg1 Qe6 40.Kg2 Qe3 41.h4 Qxb3 42.h5 Nh8
43.Rxa5 Qc3 44.Rad5 b3 45.Be5 Qe3 46.Bb2 f6 47.R5d3 Qe6 48.Bd4 Qc4 49.Bb2 Nf7
50.Rc3 Qe6 51.Rc7 Ng5 52.g4 Qe3 53.Rf2 Nh3 {#R} 0-1

[Event "It (open) (w)"]
[Site "masterchessopen.com Zadar (Croatia)"]
[Round "0"]
[White "Macek Vlasta (CRO)"]
[Black "Zelic Marina (CRO)"]
[Result "1-0"]
[WhiteElo "2255"]
[BlackElo "1897"]

1.d4 d5 2.c4 e6 3.Nf3 Nf6 4.g3 Bb4+ 5.Bd2 Qe7 6.Bg2 O-O 7.O-O Nc6 8.Qc2 Bxd2
9.Nbxd2 Rd8 10.Rfd1 e5 11.dxe5 Nxe5 12.Nxe5 Qxe5 13.Nf3 Qe7 14.cxd5 Rxd5
15.Rxd5 Nxd5 16.Nd4 c6 17.a3 Qe5 18.Rd1 Bd7 19.b4 Nf6 20.Nf3 Qe7 21.Rd4 Re8
22.e3 Bg4 23.h3 Bh5 24.Nh4 Qe5 25.g4 Bg6 26.Nxg6 hxg6 27.a4 a5 28.Bf3 axb4
29.Rxb4 Qa1+ 30.Rb1 Qe5 31.Rxb7 Qa5 32.Qc4 Nd5 33.Bxd5 cxd5 34.Qf4 Rf8 35.Qd4
{#r} 1-0

[Event "Memorial A.Alekhine (open)"]
[Site "masterchessopen.com Moscow (Russia)"]
[Round "7"]
[White "Donchenko Anatoly G (GER)"]
[Black "Kiselev Sergey (RUS)"]
[Result "0-1"]
[WhiteElo "2370"]
[BlackElo "2545"]

1.Nf3 Nf6 2.c4 e6 3.g3 d5 4.d4 Bb4+ 5.Bd2 Be7 6.Bg2 c6 7.b3 b6 8.Bc3 Ba6 9.Ne5
Nfd7 10.Nxd7 Nxd7 11.Nd2 f5 12.O-O O-O 13.Bb2 Bd6 14.Rc1 Qe7 15.Nf3 Rac8
16.Qd2 Nf6 17.Ne5 Ne4 18.Qe3 c5 19.f3 Nf6 20.f4 Rc7 21.Rc2 Rfc8 22.Rfc1 cxd4
23.Bxd4 Ba3 24.Rd1 b5 25.c5 Bxc5 26.Bxc5 Rxc5 27.Rxc5 Qxc5 28.Qxc5 Rxc5 29.Nd3
Rc3 30.Bf3 Kf8 31.Kf2 Ke7 32.Ke3 b4 33.Rc1 Rxc1 34.Nxc1 Kd6 35.Kd4 g5 36.e3
Ng4 37.h4 Nh2 38.Bg2 g4 39.Nd3 Bxd3 40.Kxd3 e5 41.fxe5+ Kxe5 42.Ke2 Nf3 43.Bh1
d4 44.Kd3 dxe3 45.Kxe3 Nd4 46.Kd3 a5 47.Ba8 Nb5 48.Kc4 Nd6+ 49.Kc5 Ne4+ 50.Kb5
Nxg3 51.Kxa5 f4 52.Kxb4 f3 {#R} 0-1

[Event "Memorial A.Rubinstein (open) (a)"]
[Site "masterchessopen.com Polanica Zdroj (Poland)"]
[Date "2010.08.21"]
[Round "3"]
[White "Kolosowski Mateusz (POL)"]
[Black "Furman Boris (RUS)"]
[Result "0-1"]
[WhiteElo "2342"]
[BlackElo "2234"]

1.d4 Nf6 2.c4 e6 3.g3 d5 4.Nf3 Bb4+ 5.Bd2 a5 6.Bg2 O-O 7.O-O dxc4 8.Bg5 Be7
9.Qc2 b5 10.a4 c6 11.axb5 cxb5 12.Bxf6 Bxf6 13.Ng5 Bxg5 14.Bxa8 Qxd4 15.Rxa5
Qb6 16.Ra1 Nc6 17.e3 Ba6 18.Bxc6 Qxc6 19.e4 Bb7 20.Na3 f5 21.Qe2 fxe4 22.Nc2
Rd8 23.Rad1 Rxd1 24.Rxd1 e3 25.f3 Qxf3 26.Qxf3 Bxf3 27.Rd6 Be4 28.Nd4 Bd3
29.Nxb5 Kf7 30.Nc3 Ke7 31.Ra6 Bf6 32.Kg2 Bd4 33.Kf3 e5 34.Nd5+ Kf7 35.Nxe3
Bxb2 36.Rc6 e4+ 37.Kg2 Bd4 38.Nxc4 e3 39.Nd6+ Ke7 40.Nc8+ Ke8 41.Re6+ Kf7
42.Re7+ Kf6 43.Kf3 e2 44.g4 Bc5 45.g5+ Kxg5 46.Re6 Kf5 47.Re8 Bb5 {#R} 0-1

[Event "Memorial A.Rubinstein (open) (b)"]
[Site "masterchessopen.com Polanica Zdroj (Poland)"]
[Date "2012.08.18"]
[Round "1"]
[White "Michalski Daniel (POL)"]
[Black "Duch Robert (POL)"]
[Result "1-0"]
[WhiteElo "2138"]
[BlackElo "1854"]

1.d4 d5 2.Nf3 Nf6 3.c4 e6 4.g3 Bb4+ 5.Bd2 Bxd2+ 6.Nbxd2 O-O 7.Bg2 c6 8.O-O
Nbd7 9.Qc2 Qe7 10.e4 dxe4 11.Nxe4 Nxe4 12.Qxe4 Nf6 13.Qf4 Rd8 14.Rad1 Qd6
15.Ne5 Bd7 16.Rd3 Be8 17.Rfd1 Nd7 18.c5 Qc7 19.Qe3 Nf6 20.Nc4 Nd5 21.Bxd5 Rxd5
22.Nd6 b5 23.Re1 Bd7 24.f4 f5 25.Qf3 Rf8 26.Re5 Rf6 27.Rxd5 cxd5 28.Ra3 a5
29.Qe2 b4 30.Re3 Qc6 31.a3 Qa4 32.Qd2 Rf8 33.axb4 axb4 34.Re1 Ra8 35.Rc1 Ra6
36.Kf2 Ra8 37.Qc2 Qc6 38.Qd1 Ra2 39.Qb3 Ra4 40.Re1 g6 41.Qe3 Ra8 42.Qe5 Rf8
43.Ra1 Ra8 44.Qf6 Rf8 45.Qe7 Qc7 46.Ra6 Rb8 47.Rb6 Rd8 48.Nf7 {#r} 1-0

[Event "Memorial A.Sokolsky"]
[Site "masterchessopen.com Minsk (Belarus)"]
[Round "0"]
[White "Begun Sergei M (BLR)"]
[Black "Kalinitschew Sergey (GER)"]
[Result "0-1"]
[WhiteElo "2295"]
[BlackElo "2415"]

1.Nf3 d5 2.d4 Nf6 3.c4 e6 4.g3 Bb4+ 5.Bd2 a5 6.Bg2 Nc6 7.Qc2 Ne4 8.O-O O-O
9.Nc3 Nxd2 10.Qxd2 dxc4 11.Rfd1 Rb8 12.e4 Re8 13.Qf4 Bf8 14.e5 Nb4 15.Ng5 Qe7
16.Be4 g6 17.a3 h6 18.Nf3 Nd3 19.Bxd3 cxd3 20.Ne4 Rd8 21.Rxd3 b6 22.d5 Bg7
23.d6 cxd6 24.exd6 Qf8 25.Ne5 g5 26.Nf6+ Kh8 27.Qf3 Bb7 28.Qh5 Bxf6 29.Nxf7+
Kg7 30.Nxd8 Qxd8 31.Rc1 Rc8 32.Qd1 Bd5 33.Rxc8 Qxc8 34.Qh5 b5 35.Qg4 Qc6 36.h4
Qxd6 37.hxg5 hxg5 38.Rd1 Qc6 39.Re1 Qc2 40.b4 a4 41.Rd1 Qc6 42.Re1 Kg6 43.Qd1
Bh1 44.Qd3+ Kg7 45.Qf1 Bd5 46.Rc1 Bc4 47.Qe1 Qf3 48.Qd2 Bd5 49.Kf1 Kh6 {#R}
0-1

[Event "Memorial A.Zaitsev"]
[Site "masterchessopen.com Vladivostok (Russia)"]
[Round "5"]
[White "Budnikov Alexandar (RUS)"]
[Black "Rustemov Alexander (RUS)"]
[Result "1-0"]
[WhiteElo "2535"]
[BlackElo "2455"]

1.d4 d5 2.c4 e6 3.Nf3 Nf6 4.g3 Bb4+ 5.Bd2 a5 6.Bg2 c6 7.Qb3 Bxd2+ 8.Nbxd2 O-O
9.O-O b5 10.c5 Nbd7 11.Qc2 Qc7 12.e4 Nxe4 13.Nxe4 dxe4 14.Qxe4 Nf6 15.Qh4 b4
16.Ne5 Nd5 17.Be4 h6 18.Rfe1 Ba6 19.Bc2 Bb5 20.a4 bxa3 21.Rxa3 Qd8 22.Qe4 Nf6
23.Qf4 Nd5 24.Qd2 Nb4 25.Bb1 Ra7 26.Rae3 Re8 27.b3 Qg5 28.h4 Qd8 29.Kh2 Qd5
30.Be4 Qd8 31.Bb1 Qd5 32.Rd1 Qd8 33.Qe1 Nd5 34.Rf3 Nf6 35.Bc2 h5 36.Qe3 Ng4+
37.Nxg4 hxg4 38.Rf4 f5 39.Kg2 Qd5+ 40.f3 Rae7 41.Rd2 g6 42.Qe5 Kf7 43.Qxd5
exd5 44.fxg4 Re2+ 45.Rxe2 Rxe2+ 46.Rf2 Rxf2+ 47.Kxf2 fxg4 48.Bd1 Bd3 49.Ke3
Bf5 50.Kd2 Kf6 51.Kc3 Ke7 52.Kb2 Kf6 53.Ka3 Be4 54.Bxg4 Bf5 55.Be2 Bc2 56.g4
g5 57.h5 Ke7 58.Ka4 Kd7 59.h6 {#r} 1-0

[Event "Memorial Amitan (cat.8)"]
[Site "masterchessopen.com Donetsk (Ukraine)"]
[Date "2010.12.26"]
[Round "9"]
[White "Matjushin Gennady (UKR)"]
[Black "Soltanici Ruslan (MDA)"]
[Result "1-0"]
[WhiteElo "2489"]
[BlackElo "2420"]

1.d4 Nf6 2.c4 e6 3.g3 d5 4.Nf3 Bb4+ 5.Bd2 Be7 6.Bg2 dxc4 7.Qc2 Bd7 8.Qxc4 Bc6
9.O-O Nbd7 10.Rd1 Bd5 11.Qa4 Bc6 12.Qc4 Bd5 13.Qd3 Be4 14.Qb3 Bd5 15.Qe3 c5
16.Nc3 Bc6 17.Qd3 cxd4 18.Nxd4 Bxg2 19.Kxg2 O-O 20.Bg5 Qa5 21.Qb5 Qxb5
22.Ndxb5 Rfd8 23.Rac1 a6 24.Nd6 b5 25.Nb7 Re8 26.a4 bxa4 27.Nxa4 h6 28.Bxf6
Nxf6 29.Na5 Rac8 30.Rc6 Nd5 31.Rdc1 Rb8 32.Rxa6 Ra8 33.Nc5 Rab8 34.Nd3 Bf6
35.Rc2 e5 36.e4 Nb4 37.Nxb4 Rxb4 38.Nc6 Rxe4 39.b4 Re1 40.b5 Rb1 41.b6 e4
42.Na5 Re6 43.Ra8+ Kh7 44.b7 Be5 45.Rcc8 Rb2 46.b8=Q Bxb8 47.Rcxb8 Re2 48.Rh8+
Kg6 49.Nc4 e3 50.Rhe8 Rxf2+ 51.Kg1 Ref6 52.Nxe3 Rb2 53.Nc4 Rc2 54.Ne5+ Kh5
55.Ra5 g5 56.Rf8 Rff2 57.Rxf7 Rg2+ 58.Kf1 Rge2 59.Rf6 Rxh2 60.g4+ Kh4 61.Nf3+
Kxg4 62.Ra4+ Kg3 63.Nxh2 Rxh2 64.Ra3+ Kg4 65.Rf2 {#r} 1-0